Le top 100 des films d'Allociné - Statistiques

Statistiques générales
  • Ce quiz a été pris 1 400 fois
  • Le résultat moyen est 16 sur 100
Statistiques - réponses
Numéro Film % Correct
96 Titanic
69%
4 Le Parrain
62%
1 Forrest Gump
60%
11 Pulp fiction
55%
33 Inception
53%
22 Interstellar
50%
2 La ligne verte
50%
18 Fight club
47%
7 Le seigneur des anneaux: le retour du roi
45%
6 Les Evadés
40%
9 The dark knight
36%
3 La liste de Schindler
35%
28 Seven
33%
13 Le Roi Lion
31%
17 Le seigneur des anneaux: les deux tours
31%
38 Intouchables
30%
86 Shining
30%
14 Django Unchained
28%
29 Les affranchis
28%
12 Le seigneur des anneaux: la communauté de l'anneau
28%
62 Shutter Island
28%
43 Retour vers le futur
27%
25 Le bon, la brute et le truand
26%
19 Gladiator
25%
27 Star Wars épisode V L'empire contre-attaque
24%
72 Matrix
23%
61 Il faut sauver le soldat Ryan
21%
16 Parasite
21%
50 Psychose
21%
5 12 hommes en colère
20%
42 Joker
20%
35 La vie est belle
20%
71 Reservoir Dogs
20%
79 Toy Story 3
20%
26 Il était une fois dans l'Ouest
19%
46 Le silence des agneaux
19%
47 Star Wars épisode VI le retour du Jedi
19%
51 Le voyage de Chihiro
17%
10 Vol au dessus d'un nid de coucou
17%
90 Léon
16%
21 Il était une fois en Amérique
15%
49 Million Dollar Baby
15%
45 Star Wars épisode IV un nouvel espoir
15%
60 Avengers: Infinity War
14%
87 The dark knight rises
13%
15 Gran Torino
12%
32 Usual Suspects
12%
24 Coco
11%
63 Full Metal Jacket
11%
88 La Grande Vadrouille
11%
59 Le Pianiste
11%
52 Princesse Mononoké
11%
41 Whiplash
11%
36 Le dictateur
10%
48 Les temps modernes
10%
44 Le Tombeau des lucioles
9%
30 Lion
9%
37 American History X
8%
92 Fenêtre sur cour
8%
80 Au revoir là haut
7%
75 Edward aux mains d'argent
7%
31 Le Parrain 2ème partie
7%
8 Your name
7%
69 Prisoners
6%
78 1917
5%
68 Le Kid
5%
84 Les aventuriers de l'arche perdue
5%
34 Tu ne tueras point
5%
97 12 Years a slave
4%
73 Indiana Jones et la dernière croisade
4%
70 Les lumières de la ville
4%
77 Alien, le huitième passager
3%
89 Barry Lyndon
3%
65 Les Sentiers de la gloire
3%
53 Mommy
3%
54 Voyage au bout de l'enfer
3%
95 Zootopie
3%
23 Green Book: Sur les routes du sud
2%
67 Incendies
2%
93 Rush
2%
58 Spider-man: New generation
2%
55 Alabama Monroe
1%
56 Apocalypse Now Final Cut
1%
39 Bohemian Rapsody
1%
99 Captain Fantastic
1%
98 Dragons
1%
74 La couleur des sentiments
1%
83 La vérité
1%
66 Le conte de la princesse Kaguya
1%
91 Le Mans 66
1%
85 Les figures de l'ombre
1%
100 Room
1%
57 Capharnaüm
0%
20 Cristeros
0%
81 Edmond
0%
94 Hors normes
0%
76 Le garçon et la bête
0%
40 Les Enfants loups, Ame & Yuki
0%
64 Silent Voice
0%
82 Warrior
0%
Aucun quiz correspondant
Distribution des résultats
% des personnes avec chaque résultat
Percentile par nombre de réponses
Votre historique - résultats
Vous n’avez pas pris ce quiz